¿Igualdad o discriminación positiva? (Registro nro. 18585)

Detalles MARC
000 -LEADER
fixed length control field 00311 a2200109 4500
001 - CONTROL NUMBER
control field ART_38405
005 - DATE AND TIME OF LATEST TRANSACTION
control field 20260410161739.0
008 - FIXED-LENGTH DATA ELEMENTS--GENERAL INFORMATION
fixed length control field 260409a
100 1# - MAIN ENTRY--PERSONAL NAME
Personal name Slavin, Luis P.
245 10 - TITLE STATEMENT
Title ¿Igualdad o discriminación positiva?
773 0# - HOST ITEM ENTRY
Title Doctrina laboral
Related parts - Nº 350 (oct. 2014)
Record control number REV4049

No hay ítems disponibles.